00250nam a2200109Ia 4500008004100000041001200041082001100053100002100064245004300085260000600128650000600134221030s9999 xx 000 0 und d aEnglish a105.23 aS. Radhakrishnan 4aThe Bhagavad Gitacby S. Radhakrishnan c0 aB